Asesinato en el Canadian Express
Saved in:
| Hovedforfatter: | |
|---|---|
| Format: | Bog |
| Sprog: | spansk |
| Udgivet: |
Madrid
SM
2000
|
| Udgivelse: | 24a. ed |
| Serier: | El Barco de Vapor, 15
|
| Fag: | |
| Tags: |
Tilføj Tag
Ingen Tags, Vær først til at tagge denne postø!
|
MARC
| LEADER | 00000nam a2200000 a 4500 | ||
|---|---|---|---|
| 001 | UCH9757 | ||
| 003 | CL-VaPUC | ||
| 008 | 100121e20000500SP |||||||||||||||||spa|d | ||
| 020 | |a 8434811219 | ||
| 082 | 0 | 4 | |a 843 |b WIL |2 21 |
| 100 | 0 | |a Wilson, Eric Hamilton |e author |9 547018 | |
| 245 | 1 | 0 | |a Asesinato en el Canadian Express |
| 250 | |a 24a. ed | ||
| 300 | |a 159 p | ||
| 942 | |c BK | ||
| 945 | |d 20100121 00:00:00 |a dcastane | ||
| 260 | |a Madrid |b SM |c 2000 | ||
| 650 | 0 | |a Literatura canadiense |9 342826 | |
| 650 | 7 | |a CUENTOS CANADIENSES |2 CL-VaPUC |9 319373 | |
| 650 | 0 | |a Cuentos infantiles |9 308044 | |
| 583 | |a last modification |c 20100121 00:00:00 |k Rodrigo Vera | ||
| 490 | 0 | |a El Barco de Vapor, 15 | |
| 999 | |c 339647 |d 339645 | ||